000
00285nam a22001337a 4500
008
170719b xxu||||| |||| 00| 0 eng d
020
_a
2901570753236
041
_a
eng
080
_a
2
100
_a
24
101
_a
TEO
245
_a
SUBVERTING HATRED
_c
SMITH, D.L
942
_2
udc
_c
BK
999
_c
21551
_d
21551